|
|
|
|
| LEADER |
00000nam0a2200000 4500 |
| 001 |
284107 |
| 005 |
20231101235649.0 |
| 010 |
|
|
|a 9785944581365
|
| 035 |
|
|
|a (RuTPU)RU\TPU\book\308246
|
| 090 |
|
|
|a 284107
|
| 100 |
|
|
|a 20150212d2013 k y0rusy50 ca
|
| 101 |
0 |
|
|a rus
|
| 102 |
|
|
|a RU
|
| 105 |
|
|
|a a z 001zy
|
| 200 |
1 |
|
|a Когерентные доплеровские ветровые лидары в турбулентной атмосфере
|f В. А. Банах, И. Н. Смалихо
|g Российская академия наук (РАН), Сибирское отделение (СО), Институт оптики атмосферы им. В. Е. Зуева (ИОА)
|
| 210 |
|
|
|a Томск
|c Изд-во ИОА СО РАН
|d 2013
|
| 215 |
|
|
|a 304 с.
|c ил.
|
| 320 |
|
|
|a Библиогр.: с. 273-292.
|
| 320 |
|
|
|a Список сокращений и обозначений: с. 293-300.
|
| 330 |
|
|
|a В монографии на базе исследований авторов впервые дается последовательное изложение теории и методов доплеровского лидарного ветрового зондирования атмосферы и обобщаются результаты экспериментальных исследований ветровой турбулентности и вихревых структур с использованием когерентных доплеровских лидаров (КДЛ). Рассматривается вся совокупность факторов, определяющих функционирование КДЛ в турбулентной атмосфере, начиная о г формирования когерентно детектируемого эхосигнала лидара до точности и границ применимости разработанных авторами методов оценивания ветра и параметров турбулентности и вихрей из лидарных данных. Представленные методы оценивания ветра, параметров атмосферной турбулентности и самолетных вихрей верифицированы в многочисленных компьютерных и атмосферных экспериментах и формируют современную научную технологию обработки данных когерентных ветровых лидаров. На основе многочисленных экспериментов проводится анализ эффективности использования КДЛ для изучения динамических процессов в атмосфере, турбулентности пограничного слоя атмосферы и эволюции самолетных вихрей под воздействием различных факторов. Книга включает результаты и развивает работы, выполненные по исследовательским проектам РФФИ № 94-05-16601, 98-05-03131, 00-05-64033, 03-05-64194, 06-05-64445, 10-05-92505-ИК и по программам фундаментальных исследований Отделения физических наук РАН IV. 11 и IV. 12.В мировой литературе подобных обобщений нет.Для специалистов по лазерному зондированию атмосферы, атмосферной турбулентности, авиабезопасности, ветровым лидарам, распространению оптических волн в атмосфере, статистической радиофизике, студентов и аспирантов соответствующих специальностей.
|
| 606 |
1 |
|
|a Лидары
|2 stltpush
|3 (RuTPU)RU\TPU\subj\74062
|9 86640
|
| 610 |
1 |
|
|a когерентные доплеровские лидары
|
| 610 |
1 |
|
|a КДЛ
|
| 610 |
1 |
|
|a эхо-сигналы
|
| 610 |
1 |
|
|a доплеровский спектр
|
| 610 |
1 |
|
|a ширина
|
| 610 |
1 |
|
|a радиальная скорость
|
| 610 |
1 |
|
|a лидарные оценки
|
| 610 |
1 |
|
|a статистическая характеристика
|
| 610 |
1 |
|
|a ветер
|
| 610 |
1 |
|
|a направление
|
| 610 |
1 |
|
|a измерение
|
| 610 |
1 |
|
|a турбулентность
|
| 610 |
1 |
|
|a самолеты
|
| 610 |
1 |
|
|a вихревые следы
|
| 610 |
1 |
|
|a лидарные исследования
|
| 675 |
|
|
|a 551.508.8
|v 3
|
| 700 |
|
1 |
|a Банах
|b В. А.
|g Виктор Арсентьевич
|
| 701 |
|
1 |
|a Смалихо
|b И. Н.
|g Игорь Николаевич
|
| 712 |
0 |
2 |
|a Российская академия наук (РАН)
|b Сибирское отделение (СО)
|b Институт оптики атмосферы им. В. Е. Зуева (ИОА)
|c (Томск)
|2 stltpush
|3 (RuTPU)RU\TPU\col\318
|
| 801 |
|
1 |
|a RU
|b 63413507
|c 20150212
|
| 801 |
|
2 |
|a RU
|b 63413507
|c 20150224
|g RCR
|
| 942 |
|
|
|c BK
|